000 00630nam a2200229Ia 4500
005 20260320201847.0
008 008 262003s9999 xx 000 0 eng d
037 _aEBOOK
040 _aCRL
040 _beng
040 _cCRL
041 _2eng
041 _aeng
084 _qCRL
100 _aRao
245 0 _aGetting Started with V Programming: An end-to-end guide to adopting the V language from basic variables and modules to advanced concurrency
260 _bIEEE
856 _uhttps://ieeexplore.ieee.org/servlet/opac?bknumber=10162932
942 _cEBOOK
999 _c1723946
_d1723946